000 00572nam a22002057a 4500
999 _c3891
_d234395
020 _a9508941936
080 _a343.192 B 452
100 _aBergalli, Roberto
245 _aHacia una Cultura de la Jurisdicciòn: Ideologìas de Jueces y Fiscales
_bArgentina- Colombia- España e Italia
260 _aBuenos Aires
_bAd- Hoc
_c1999
300 _a447 P.
650 _xPoder Judicial
650 _xsociologia
650 _xjueces
650 _xfiscales
650 _xejecucion penal
650 _xConsejo de la Magistratura
942 _6_
945 _acd
_d2015-05-14